000 00668nam a2200241Ia 4500
003 OSt
005 20221005084258.0
006 a|||||r|||| 00| 0
007 ta
008 221004b |||||||| |||| 00| 0 eng d
024 _a90677
037 _cTextual
040 _aCRL
_cCRL
_beng
041 _2eng
_aeng
082 _aVJN45:10X:275:N5, K6
100 _aSewell James Patrick
245 0 _aFunctionalism and world politics
260 _aNew Jersey
_bPrinceton University Press USA
_c1966
300 _a359p.
_ccm.
650 _aHISTORY
942 _hVJN45:10X:275:N5, K6
_cTEXL
_2cc
999 _c992289
_d992289